Biblioteca

Los libros de Sofonías, Nahúm, Habacuc, Lamentaciones y Abdías (Registro nro. 64371)

Detalles MARC
000 -LÍDER
Campo fijo de descripción fija 01323nam a22003734i 4500
001 - NÚMERO DE CONTROL
Campo de control 768714001
003 - IDENTIFICADOR DEL NÚMERO DE CONTROL
Campo de control CO-MdFUSB
005 - FECHA Y HORA DE LA ULTIMA TRANSACCIÓN
control field 20180815075938.0
008 - ELEMENTOS DE LONGITUD FIJA -- INFORMACIÓN GENERAL
Campo fijo de descripción fija -- Información general 180808t1969 sp ||||| |||| 00| 0 spa d
040 ## - FUENTE DE CATALOGACIÓN
Agencia de catalogación original CO-MdFUSB
Idioma de catalogación spa
Agencia que realiza la transcripción CO-MdFUSB
Agencia que realiza la modificación CO-MdFUSBC
Convenciones de la descripción rda
041 ## - CÓDIGO DE IDIOMA
Código de idioma para texto/pista de sonido o título separado spa
082 ## - NÚMERO DE CLASIFICACIÓN DECIMAL DEWEY
Número de la edición del Dewey 23
Número de clasificación 224.907
Clave de autor-Numero de item M758
100 ## - ASIENTO PRINCIPAL--NOMBRE PERSONAL
Nombre personal Montagne, George T.
Término relacionador autor
240 ## - TITULO UNIFORME
Título uniforme <a href="Old Testament Reading Gude : The books of Zephania, Nahum, Habakkuk, Lamentation, Obadiah">Old Testament Reading Gude : The books of Zephania, Nahum, Habakkuk, Lamentation, Obadiah</a>
245 ## - TÍTULO
Título del Material Los libros de Sofonías, Nahúm, Habacuc, Lamentaciones y Abdías
Mención de responsabilidad, etc. / George T. Montagne ; traductor Jose M. Gondra
264 #1 - PRODUCCIÓN, PUBLICACIÓN, DISTRIBUCIÓN, MANUFACTURA, Y COPYRIGHT
Lugar de producción, publicación, distribución, manufactura España :
Nombre del productor, publicador, distribuidor Salterrae,
Fecha de producción, publicación, distribución, manufactura, o copyright ℗[1970].
264 #4 - PRODUCCIÓN, PUBLICACIÓN, DISTRIBUCIÓN, MANUFACTURA, Y COPYRIGHT
Fecha de producción, publicación, distribución, manufactura, o copyright ©1970.
300 ## - DESCRIPCIÓN FÍSICA
Extensión 143 páginas
Dimensiones ; 17 cm
336 ## - TIPO DE CONTENIDO
Fuente rdacontent
Término de tipo de contenido texto
Código de tipo de contenido txt
337 ## - TIPO DE MEDIO
Fuente rdamedia
Nombre del tipo de medio sin mediación
Código del tipo de medio n
338 ## - TIPO DE SOPORTE
Fuente rdacarrier
Nombre del tipo de soporte volumen
Código Tipo de soporte nc
490 1# - MENCIÓN DE SERIE
Mención de serie Conoce la biblia : Antiguo Testamento.
505 ## - NOTA DE CONTENIDO
Título Sofonías. --
-- Nahúm. --
-- Habacuc. --
-- Lamentaciones. --
-- Abdías.
563 ## - NOTA DE ENCUADERNACIÓN
Nota de encuadernación Tapa rústica
630 07 - TITULO UNIFORME
Título uniforme Biblia.
Nombre de parte o sección de la obra Profetas
630 07 - TITULO UNIFORME
Título uniforme Biblia.
Nombre de parte o sección de la obra Sofonías
630 07 - TITULO UNIFORME
Título uniforme Biblia.
Nombre de parte o sección de la obra Nahum
630 07 - TITULO UNIFORME
Título uniforme Biblia.
Nombre de parte o sección de la obra Habacuc
630 07 - TITULO UNIFORME
Título uniforme Biblia.
Nombre de parte o sección de la obra Lamentaciones
630 07 - TITULO UNIFORME
Título uniforme Biblia.
Nombre de parte o sección de la obra Abdias
700 ## - ASIENTO SECUNDARIO - NOMBRE PERSONAL
Nombre personal Gondra, José M.
Responsabilidad traductor
9 (RLIN) 1316
830 ## - PUNTO DE ACCESO ADICIONAL DE SERIE - TÍTULO UNIFORME
Título uniforme Conoce la biblia : Antiguo Testamento
Designación de volumen o secuencia o. 19
942 ## - TIPO DE MATERIAL (KOHA)
Tipo de Item KOHA Libros General
Existencias
Estado de Material Estado de Perdido Forma de Clasificación Estado de Dañado No para Préstamo Colección Biblioteca de Origen Biblioteca Permanente Fecha de Adquisición Total de Préstamos Total de Renovaciones Signatura Topográfica Código de Barras Última vez visto Última vez Préstado Ejemplar/Existencia Fecha de Remplazo Tipo de Material
    Dewey Decimal Classification     Colección General Biblioteca FUSBC Biblioteca FUSBC 11/08/2018 7 6 G 224.907 M758s 10178 09/06/2025 08/05/2025 Ej. 1 11/08/2018 Libros General

Biblioteca FUSBC | Teléfono: (57+4) 349 88 10 Ext. 141| WhatsApp (+57) 3005338115 
E-mail: biblioteca@unisbc.edu.co | Calle 76 87-14 Robledo Palenque, Medellín, Colombia

Con tecnología Koha